000 00855nam a2200265 u 4500
001 000020645
003 DO-SdBNP
005 20240305140921.0
007 ta
008 100812s2019 r 000 0 spa d
020 _a9789945804959
040 _aDO-SdBNP
_bspa
_cBNPHU
082 4 _aRD861.5
_bL318c
_222
100 1 _aLara, Olga,
_d1953-
_938553
245 1 0 _aCosas del alma :
_ba la luz de la psicología /
_cOlga Lara, edición Ramón Saba
260 _aSanto Domingo :
_bBúho,
_c2019.
300 _a141 p. :
_bil. ;
_c23 cm.
500 _aIncluye datos biográficos de la autora en las solapas
590 _aInventariado, 2021/LP
650 4 _aPoesía dominicana
_976571
650 4 _aLitertatura dominicana
_976572
700 1 _aSaba, Ramón ,
_eeditor
_971165
910 _aLopérez/Validado. Control de calidad MFF
942 _2ddc
_cLBS1
999 _c20149
_d20149